01093cam a22002651 4500001001300000003000400013005001700017008004100034010001700075035001900092040001900111042001200130050001900142100002900161245010400190260007000294300001800364490009300382490003000475500015200505504003100657650002500688810009900713999001500812agr35000745 DLC20260227110954.0800319s1935 nyua b 000 0 eng  aagr35000745  a(OCoLC)6106907 aDLCcTxCMdDLC apremarc00aSB608.P65bH491 aHirt, Ray Roland,d1893-10aObservations on the production and germination of sporidia of Cronartium ribicola,cby Ray R. Hirt. aSyracuse,bNew York State College of Forestry at Syracuse,c1935. a25 p.billus.1 aNew York State College of Forestry at Syracuse University. Technical publicationvno. 460 aBulletin,vv. VIII, no. 3 aIssued by the Dept. of Forest Botany and Pathology, New York State College of Forestry, in cooperation with the United States Dept. of Agriculture. a"Literature cited:" p. 25. 0aCronartium ribicola.2 aState University College of Forestry at Syracuse University.tTechnical publication ;vno. 46. c9696d9696